000 00733cam a2200241 a 4500
001 3399310
005 20180206065802.0
008 890905s1990 mnu b 001 0 eng
010 _a 89027266
020 _a0314676457
040 _aDLC
_cDLC
_dDLC
041 _aeng
043 _an-us---
080 _a344.730321 HAL
082 0 0 _a344.730321 HAL
_a347.304321
_220
100 1 _a14
101 _aJUR
245 1 0 _aHealth care law and ethics in a nutshell /
_cby Mark A. Hall and Ira M. Ellman.
504 _aIncludes bibliographical references and index.
906 _a7
_bcbc
_corignew
_d1
_eocip
_f19
_gy-gencatlg
942 _2ddc
_cBK
999 _c41922
_d41922